000 01235 a2200241 4500
005 20080827142437.0
008 080827t xxu||||| |||| 00| 0 hin d
010 _aHIN-83285
020 _c150.00
_a9788180312090
035 _aHN-55631
037 _bपु.प्र.अ.प्र/वितरक
082 _a821
100 _aगुप्त, मैथिलीशरण
245 _aभारत-भारती /
_cमैथिलीशरण गुप्त
246 _aBharat Bharti
_bby Maithilisharan Gupt
260 _aझाँसी
_bसाहित्य सदन
_c2007
260 _aइलाहाबाद
_bलोकभारती प्रकाशन (वितरक)
270 _aसाहित्य सदन
_bझाँसी
270 _aदरबारी बिल्डिंग, महात्मा गांधी मार्ग
_bइलाहाबाद
300 _a112पृ
_c18सेमी (सजिल्द)
942 _adpl
_cHN
_k821 / गुप्तमै
_2ddc
_h821
_m गुप्तमै
999 _c12037
_d12037